000 00805cam a2200229 a 4500
001 3448867
005 20250609132937.0
008 920305s1992 miu b 001 0 eng
020 _a0310577713
020 _z9780310877226
_qebook
050 0 0 _aBT1102
_b.N37 1992
100 1 _aNash, Ronald H.
245 1 0 _aWorldviews in conflict :
_bchoosing Christianity in a world of ideas /
_cRonald H. Nash.
260 _aGrand Rapids, Mich. :
_bZondervan Pub.,
_cc1992.
300 _a176 p. ;
_c20 cm.
650 0 _aApologetics.
650 0 _aNaturalism.
650 0 _aNew Age movement.
856 4 2 _3Publisher description
_uhttp://www.loc.gov/catdir/enhancements/fy0633/92009886-d.html
856 4 1 _3Table of contents only
_uhttp://www.loc.gov/catdir/enhancements/fy0633/92009886-t.html
942 _2lcc
_cBK
_n0
999 _c6352
_d6352